Temas de derecho procesal penal

Saved in:
Bibliografiske detaljer
Hovedforfatter: Cafferata Nores, José Ignacio (Author)
Format: Bog
Sprog:spansk
Udgivet: Buenos Aires Depalma 1988
Fag:
Tags: Tilføj Tag
Ingen Tags, Vær først til at tagge denne postø!

MARC

LEADER 00000nam a2200000 a 4500
001 UCV1335
003 CL-VaPUC
008 900417e19880000AG |||||||||||||||||spa|d
082 0 4 |a 345.2  |b CAF  |2 21 
100 0 |a Cafferata Nores, José Ignacio  |e author  |9 295581 
245 1 0 |a Temas de derecho procesal penal 
300 |a 310 p 
942 |c BK 
945 |d 19900417 00:00:00 
260 |a Buenos Aires  |b Depalma  |c 1988 
650 0 |a Procedimiento penal  |9 254974 
650 0 |a Pruebas  |9 256249 
650 0 |a Sentencias  |9 256250 
651 0 |a Argentina  |9 254888 
583 |a last modification  |c 19900417 00:00:00  |k Rodrigo Vera 
999 |c 209319  |d 209317 
952 |0 0  |1 0  |4 0  |6 345_200000000000000_CAF_1988  |7 0  |8 A  |9 184654  |a BIBDER  |b BIBDER  |d 2019-11-14  |i 2519615  |o 345.2 CAF 1988  |p 2519615  |r 2023-01-25  |w 2019-11-14  |y BK  |k DER